| 000 | 00801nam a2200217 a 4500 | ||
|---|---|---|---|
| 005 | 20250301063745.0 | ||
| 008 | 031205s2002 es r 000 0 spa d | ||
| 020 | _a8471124750 | ||
| 035 | _aUPN01000131102 | ||
| 049 | _aCG | ||
| 050 | 4 |
_aLC3715 _bC8.4 |
|
| 100 | 1 | _aCummins, Jim | |
| 245 | 1 | 0 |
_aLenguaje, poder y pedagogía : _bniños y niñas bilingües entre dos fuegos / _cJim Cummins ; tr. de Pablo Manzano. |
| 260 |
_aMadrid : _bMinisterio de Educación, Cultura y Deporte : _bMorata, _c2002. |
||
| 300 | _a351 p. | ||
| 440 | 0 |
_aPedagogía. _pEducación infantil y primaria ; _v38 |
|
| 534 |
_pTraducción de: _tLanguage, power and pedagogy : bilingual children in the crossfire |
||
| 650 | 4 |
_aEducación bilingüe _91532 |
|
| 650 | 4 |
_aAdquisición de segundo lenguaje _9215 |
|
| 905 | _aLibro | ||
| 999 |
_c103257 _d103257 |
||